000 00682nam a2200265Ia 4500
003 OSt
005 20220912145636.0
006 a|||||r|||| 00| 0
007 ta
008 220909b |||||||| |||| 00| 0 eng d
024 _a72179
037 _cTextual
040 _aCSL
_beng
_cCSL
041 _aeng
082 _aB91:2, J8
100 _aHeiskanen W A
245 0 _aEarth and its gravity field
260 _c1958
300 _ap.
_ccm.
490 _aMcGraw Hill series in the geological science
650 _aAstronomy
700 _a Meinesz F A Vening
942 _hB91:2, J8
_cTEXL
_2CC
999 _c35422
_d35422